000
00279nam a22000977a 4500
100
_a
जिब्रान,खलील
_9
74185
245
_a
मसीहा
260
_a
फरीदाबाद
_b
नॉलेज बैंक
_c
2018
650
_a
कहानी
942
_c
HIN
999
_c
64336
_d
64336